Zubný technik stavovský časopis Slovenskej komory zubných technikov

Bibliographic Details
Other Authors: Žiak, Peter (Publishing director), Wiesler, Otto (Publishing director), Dohálová, Hana (Publishing director)
Format: Journal
Language:Slovak
PhysicalDescription:zv. 21-30 cm
Published: Bratislava Slovenská komora zubných technikov 1990-
ISSN:1335-6240
Subjects:

MARC

LEADER 00000cas a2200000 a 4500
001 vtls008689042
003 SK-MaSNL
005 20260228155857.0
008 060406c19909999xo hr p r 0 b0slo
022 |a 1335-6240 
035 |a (SVKBB03)vtls000047360 
040 |a SVKPO  |b slo  |c SVKPO  |d SNK  |e AACR2 
041 0 |a slo 
044 |a xo  |c SK 
072 7 |a 616.31  |x Stomatológia  |2 konspekt 
080 |a 616.31  |2 2011 
080 |a 616.314-77  |2 2001 
080 |a 050  |2 2011 
080 |a (051)-027.561  |2 2011 
210 0 |a Zub. tech. 
222 0 |a Zubný technik 
245 0 0 |a Zubný technik  |b stavovský časopis Slovenskej komory zubných technikov 
260 |a Bratislava  |b Slovenská komora zubných technikov  |c 1990- 
300 |a zv.  |c 21-30 cm 
310 |a 2x ročne  |b 2022- 
321 |a 4x ročne  |b [1990]-2021 
500 |a Popis podľa: Roč. VII, č. 1 (1996) 
500 |a Šéfredaktor: 1990-2000, Peter Žiak ; 2001-2021, Otto Wiesler ; 2022- , Hana Dohálová 
500 |a Registračné č.: MK SR 1357/95 ; EV 3415/09 
500 |a V r. 2015-2016 podnázov: odborný časopis 
500 |a Od r. 2017 podnázov: stavovský časopis Slovenskej komory zubných technikov s recenzovanou prílohou 
500 |a V tiráži podnázov od r. 2015: odborný časopis s prílohou Articulorum technicus dental 
500 |a Od r. 2022 zmena formátu na 30 cm 
525 |a Súčasťou časopisu je recenzovaná príloha: Articulorum technicus dental 
650 0 7 |a stomatológia  |2 SNKPH  |9 917 
650 0 7 |a zubné náhrady  |2 SNKPH  |9 78281 
655 7 |a odborné časopisy  |2 SNKPH  |9 70505 
700 1 |a Žiak, Peter  |4 pbd  |9 265514 
700 1 |a Wiesler, Otto  |4 pbd  |9 265515 
700 1 |a Dohálová, Hana  |4 pbd  |9 265516 
710 2 |a Slovenská komora zubných technikov (Bratislava, Slovensko)  |4 pbl  |9 265517 
850 |a Štátna vedecká knižnica v Prešove 
852 |a Štátna vedecká knižnica v Banskej Bystrici 
910 |a snk 
910 |a svkpo 
910 |a svkbb 
916 |a 1996-2018, 2019 
999 |c 797  |d 797 
952 |t č. 1-3  |a SNK  |b SNK  |y PREZ  |7 0  |p 17A1520254  |o snkČSD 2366/2019 D1  |i snk2023/8703  |8 0  |0 0  |1 0  |4 0  |d 2023-05-31  |l 0  |r 2026-02-21 19:47:52  |w 2026-02-21 
952 |t č. 1-3, neúplné  |a SNK  |b SNK  |y PREZ  |7 0  |p 17A1520253  |o snkČSD 2366/2020  |i snk2023/8706  |8 0  |z Chýba č. 1 - dostupné v PDF formáte na Odd. spracovania seriálov  |0 0  |1 0  |4 0  |d 2023-05-31  |l 0  |r 2026-02-21 19:47:52  |w 2026-02-21 
952 |t č. 1-3  |a SNK  |b SNK  |y PREZ  |7 0  |p 17A1520252  |o snkČSD 2366/2021  |i snk2023/8708  |8 0  |0 0  |1 0  |4 0  |d 2023-05-31  |l 0  |r 2026-02-21 19:47:52  |w 2026-02-21 
952 |t č. 1-2  |a SNK  |b SNK  |y PREZ  |7 0  |p 17A1520251  |o snkČSD 2366/2022  |i snk2023/8711  |8 0  |0 0  |1 0  |4 0  |d 2023-05-31  |l 0  |r 2026-02-21 19:47:52  |w 2026-02-21 
952 |t č. 1-3  |a SNK  |b SNK  |y PREZ  |7 0  |p 17A1521640  |o snkČSD 2366/2020 D1  |i snk2023/16143  |8 0  |z Č. 1 vyšlo v elektronickej podobe  |0 0  |1 0  |4 0  |d 2023-11-08  |l 0  |r 2026-02-21 19:52:08  |w 2026-02-21 
952 |t č. 1-4  |a SNK  |b SNK  |y PREZ  |7 0  |p 17A0477087  |o snkČSD 2366/7/1996  |i snk2006/25200  |8 0  |f 1  |0 0  |1 0  |4 0  |d 2006-12-04  |l 0  |r 2026-02-21 20:04:44  |w 2026-02-21 
952 |t č. 1-4  |a SNK  |b SNK  |y PREZ  |7 0  |p 17A0477088  |o snkČSD 2366/7/1996 D1  |i snk2006/25201  |8 0  |0 0  |1 0  |4 0  |d 2006-12-04  |l 0  |r 2026-02-21 20:04:44  |w 2026-02-21 
952 |t č. 1-4  |a SNK  |b SNK  |y PREZ  |7 0  |p 17A0477089  |o snkČSD 2366/8/1997  |i snk2006/25202  |8 0  |f 1  |0 0  |1 0  |4 0  |d 2006-12-04  |l 0  |r 2026-02-21 20:04:44  |w 2026-02-21 
952 |t č. 1-4  |a SNK  |b SNK  |y PREZ  |7 0  |p 17A0477092  |o snkČSD 2366/10/1999  |i snk2006/25205  |8 0  |f 1  |0 0  |1 0  |4 0  |d 2006-12-04  |l 0  |r 2026-02-21 20:04:44  |w 2026-02-21 
952 |t č. 1-4, neúplné  |a SNK  |b SNK  |y PREZ  |7 0  |p 17A0477093  |o snkČSD 2366/10/1999 D1  |i snk2006/25206  |8 0  |z Chýba č. 2  |0 0  |1 0  |4 0  |d 2006-12-04  |l 0  |r 2026-02-21 20:04:44  |w 2026-02-21 
952 |t č. 1-4  |a SNK  |b SNK  |y PREZ  |7 0  |p 17A0477094  |o snkČSD 2366/11/2000  |i snk2006/25207  |8 0  |f 1  |0 0  |1 0  |4 0  |d 2006-12-04  |l 0  |r 2026-02-21 20:04:44  |w 2026-02-21 
952 |t č. 1-4  |a SNK  |b SNK  |y PREZ  |7 0  |p 17A0477095  |o snkČSD 2366/11/2000 D1  |i snk2006/25208  |8 0  |0 0  |1 0  |4 0  |d 2006-12-04  |l 0  |r 2026-02-21 20:04:44  |w 2026-02-21 
952 |t č. 1-4  |a SNK  |b SNK  |y PREZ  |7 0  |p 17A0477096  |o snkČSD 2366/12/2001  |i snk2006/25209  |8 0  |f 1  |0 0  |1 0  |4 0  |d 2006-12-04  |l 0  |r 2026-02-21 20:04:45  |w 2026-02-21 
952 |t č. 1-4  |a SNK  |b SNK  |y PREZ  |7 0  |p 17A0477097  |o snkČSD 2366/12/2001 D1  |i snk2006/25210  |8 0  |0 0  |1 0  |4 0  |d 2006-12-04  |l 0  |r 2026-02-21 20:04:45  |w 2026-02-21 
952 |t č. 1-4  |a SNK  |b SNK  |y PREZ  |7 0  |p 17A0477098  |o snkČSD 2366/13/2002  |i snk2006/25211  |8 0  |f 1  |0 0  |1 0  |4 0  |d 2006-12-04  |l 0  |r 2026-02-21 20:04:45  |w 2026-02-21 
952 |t č. 1-4  |a SNK  |b SNK  |y PREZ  |7 0  |p 17A0477099  |o snkČSD 2366/13/2002 D1  |i snk2006/25212  |8 0  |0 0  |1 0  |4 0  |d 2006-12-04  |l 0  |r 2026-02-21 20:04:45  |w 2026-02-21 
952 |t č. 1-4  |a SNK  |b SNK  |y PREZ  |7 0  |p 17A0477100  |o snkČSD 2366/2003  |i snk2006/25223  |8 0  |f 1  |0 0  |1 0  |4 0  |d 2006-12-04  |l 0  |r 2026-02-21 20:04:52  |w 2026-02-21 
952 |t č. 1-4  |a SNK  |b SNK  |y PREZ  |7 0  |p 17A0477101  |o snkČSD 2366/2003 D1  |i snk2006/25224  |8 0  |0 0  |1 0  |4 0  |d 2006-12-04  |l 0  |r 2026-02-21 20:04:52  |w 2026-02-21 
952 |t č. 1-4  |a SNK  |b SNK  |y PREZ  |7 0  |p 17A0477102  |o snkČSD 2366/2004  |i snk2006/25225  |8 0  |f 1  |0 0  |1 0  |4 0  |d 2006-12-04  |l 0  |r 2026-02-21 20:04:52  |w 2026-02-21 
952 |t č. 1-4  |a SNK  |b SNK  |y PREZ  |7 0  |p 17A0477103  |o snkČSD 2366/2004 D1  |i snk2006/25226  |8 0  |0 0  |1 0  |4 0  |d 2006-12-04  |l 0  |r 2026-02-21 20:04:52  |w 2026-02-21 
952 |t č. 1-4  |a SNK  |b SNK  |y PREZ  |7 0  |p 17A0477091  |o snkČSD 2366/9/1998  |i snk2006/25204  |8 0  |f 1  |0 0  |1 0  |4 0  |d 2006-12-04  |l 0  |r 2026-02-21 20:08:44  |w 2026-02-21 
952 |t č. 1-3  |a SNK  |b SNK  |c SNK_KF  |y PREZ  |7 0  |p 17A1558850  |o snkČSD 2366/2021 D1  |i snk2026/2119  |8 0  |0 0  |1 0  |4 0  |d 2026-02-10  |l 0  |r 2026-02-21 20:12:42  |w 2026-02-21 
952 |t č. 1-2  |a SNK  |b SNK  |c SNK_KF  |y PREZ  |7 4  |p 17A1558851  |o snkČSD 2366/2022 D1  |i snk2026/2121  |8 0  |0 0  |1 0  |4 0  |d 2026-02-10  |l 0  |r 2026-02-21 20:12:42  |w 2026-02-21 
952 |t č. 1-4  |a SNK  |b SNK  |y PREZ  |7 0  |p 17A0477090  |o snkČSD 2366/8/1997 D1  |i snk2006/25203  |8 0  |0 0  |1 0  |4 0  |d 2006-12-04  |l 0  |r 2026-02-21 20:22:16  |w 2026-02-21 
952 |t č. 1-4  |a SNK  |b SNK  |y PREZ  |7 0  |p 17A1087928  |o snkČSD 2366/2012  |i snk2014/9289  |8 0  |f 1  |0 0  |1 0  |4 0  |d 2014-04-14  |l 0  |r 2026-02-21 20:51:25  |w 2026-02-21 
952 |t č. 1-4  |a SNK  |b SNK  |y PREZ  |7 0  |p 17A1087929  |o snkČSD 2366/2012 D1  |i snk2014/9290  |8 0  |0 0  |1 0  |4 0  |d 2014-04-14  |l 0  |r 2026-02-21 20:51:25  |w 2026-02-21 
952 |t č. 1-4  |a SNK  |b SNK  |y PREZ  |7 0  |p 17A1087930  |o snkČSD 2366/2013  |i snk2014/9291  |8 0  |f 1  |0 0  |1 0  |4 0  |d 2014-04-14  |l 0  |r 2026-02-21 20:51:25  |w 2026-02-21 
952 |t č. 1-4  |a SNK  |b SNK  |y PREZ  |7 0  |p 17A1087931  |o snkČSD 2366/2013 D1  |i snk2014/9294  |8 0  |0 0  |1 0  |4 0  |d 2014-04-14  |l 0  |r 2026-02-21 20:51:25  |w 2026-02-21 
952 |t č. 1-4  |a SNK  |b SNK  |y PREZ  |7 0  |p 17A1087911  |o snkČSD 2366/2006  |i snk2014/9181  |8 0  |f 1  |0 0  |1 0  |4 0  |d 2014-04-10  |l 0  |r 2026-02-21 20:51:25  |w 2026-02-21 
952 |t č. 1-4, neúplné  |a SNK  |b SNK  |y PREZ  |7 0  |p 17A1087912  |o snkČSD 2366/2006 D1  |i snk2014/9183  |8 0  |z chýba č. 4  |0 0  |1 0  |4 0  |d 2014-04-10  |l 0  |r 2026-02-21 20:51:25  |w 2026-02-21 
952 |t č. 1-4  |a SNK  |b SNK  |y PREZ  |7 0  |p 17A1087913  |o snkČSD 2366/2007  |i snk2014/9187  |8 0  |f 1  |0 0  |1 0  |4 0  |d 2014-04-10  |l 0  |r 2026-02-21 20:51:26  |w 2026-02-21 
952 |t č. 1-4  |a SNK  |b SNK  |y PREZ  |7 0  |p 17A1087919  |o snkČSD 2366/2007 D1  |i snk2014/9220  |8 0  |0 0  |1 0  |4 0  |d 2014-04-11  |l 0  |r 2026-02-21 20:51:28  |w 2026-02-21 
952 |t č. 1-4  |a SNK  |b SNK  |y PREZ  |7 0  |p 17A1087920  |o snkČSD 2366/2008  |i snk2014/9222  |8 0  |f 1  |0 0  |1 0  |4 0  |d 2014-04-11  |l 0  |r 2026-02-21 20:51:28  |w 2026-02-21 
952 |t č. 1-4  |a SNK  |b SNK  |y PREZ  |7 0  |p 17A1087921  |o snkČSD 2366/2008 D1  |i snk2014/9223  |8 0  |0 0  |1 0  |4 0  |d 2014-04-11  |l 0  |r 2026-02-21 20:51:28  |w 2026-02-21 
952 |t č. 1-4  |a SNK  |b SNK  |y PREZ  |7 0  |p 17A1087922  |o snkČSD 2366/2009  |i snk2014/9224  |8 0  |f 1  |0 0  |1 0  |4 0  |d 2014-04-11  |l 0  |r 2026-02-21 20:51:28  |w 2026-02-21 
952 |t č. 1-4  |a SNK  |b SNK  |y PREZ  |7 0  |p 17A1087923  |o snkČSD 2366/2009 D1  |i snk2014/9225  |8 0  |0 0  |1 0  |4 0  |d 2014-04-11  |l 0  |r 2026-02-21 20:51:28  |w 2026-02-21 
952 |t č. 1-4  |a SNK  |b SNK  |y PREZ  |7 0  |p 17A1087924  |o snkČSD 2366/2010  |i snk2014/9260  |8 0  |f 1  |0 0  |1 0  |4 0  |d 2014-04-11  |l 0  |r 2026-02-21 20:51:34  |w 2026-02-21 
952 |t č. 1-4  |a SNK  |b SNK  |y PREZ  |7 0  |p 17A1087925  |o snkČSD 2366/2010 D1  |i snk2014/9261  |8 0  |0 0  |1 0  |4 0  |d 2014-04-11  |l 0  |r 2026-02-21 20:51:34  |w 2026-02-21 
952 |t č. 1-4  |a SNK  |b SNK  |y PREZ  |7 0  |p 17A1087926  |o snkČSD 2366/2011  |i snk2014/9263  |8 0  |f 1  |0 0  |1 0  |4 0  |d 2014-04-11  |l 0  |r 2026-02-21 20:51:34  |w 2026-02-21 
952 |t č. 1-4  |a SNK  |b SNK  |y PREZ  |7 0  |p 17A1087927  |o snkČSD 2366/2011 D1  |i snk2014/9264  |8 0  |0 0  |1 0  |4 0  |d 2014-04-11  |l 0  |r 2026-02-21 20:51:34  |w 2026-02-21 
952 |t č. 1-4  |a SNK  |b SNK  |y PREZ  |7 0  |p 17A1087909  |o snkČSD 2366/2005  |i snk2014/9152  |8 0  |f 1  |0 0  |1 0  |4 0  |d 2014-04-10  |l 0  |r 2026-02-21 20:51:35  |w 2026-02-21 
952 |t č. 1-4  |a SNK  |b SNK  |y PREZ  |7 0  |p 17A1087910  |o snkČSD 2366/2005 D1  |i snk2014/9153  |8 0  |0 0  |1 0  |4 0  |d 2014-04-10  |l 0  |r 2026-02-21 20:51:37  |w 2026-02-21 
952 |t č. 1-4  |a SNK  |b SNK  |y PREZ  |7 0  |p 17A1383402  |o snkČSD 2366/2018  |i snk2019/23226  |8 0  |z Č. 4 vydané ako recenzovaná príloha odborného časopisu Zubný technik pod názvom: Articulorum Technicus Dental  |f 1  |0 0  |1 0  |4 0  |d 2019-09-18  |l 0  |r 2026-02-21 21:52:24  |w 2026-02-21 
952 |t č. 1-4  |a SNK  |b SNK  |y PREZ  |7 0  |p 17A1383403  |o snkČSD 2366/2018 D1  |i snk2019/23227  |8 0  |z Č. 4 vydané ako recenzovaná príloha odborného časopisu Zubný technik pod názvom: Articulorum Technicus Dental  |0 0  |1 0  |4 0  |d 2019-09-18  |l 0  |r 2026-02-21 21:52:24  |w 2026-02-21 
952 |t č. 1-4  |a SNK  |b SNK  |y PREZ  |7 0  |p 17A1097976  |o snkČSD 2366/2014  |i snk2016/1533  |8 0  |f 1  |0 0  |1 0  |4 0  |d 2016-01-21  |l 0  |r 2026-02-21 21:53:53  |w 2026-02-21 
952 |t č. 1-4  |a SNK  |b SNK  |y PREZ  |7 0  |p 17A1097977  |o snkČSD 2366/2014 D1  |i snk2016/1535  |8 0  |0 0  |1 0  |4 0  |d 2016-01-21  |l 0  |r 2026-02-21 21:53:53  |w 2026-02-21 
952 |t č. 1-4  |a SNK  |b SNK  |y PREZ  |7 0  |p 17A1098446  |o snkČSD 2366/2015  |i snk2016/4919  |8 0  |f 1  |0 0  |1 0  |4 0  |d 2016-02-22  |l 0  |r 2026-02-21 22:02:42  |w 2026-02-21 
952 |t č. 1-4  |a SNK  |b SNK  |y PREZ  |7 0  |p 17A1342463  |o snkČSD 2366/2015 D1  |i snk2019/2134  |8 0  |0 0  |1 0  |4 0  |d 2019-01-25  |l 0  |r 2026-02-21 22:21:06  |w 2026-02-21 
952 |t č. 1-4  |a SNK  |b SNK  |y PREZ  |7 0  |p 17A1342462  |o snkČSD 2366/2016  |i snk2019/2136  |8 0  |f 1  |0 0  |1 0  |4 0  |d 2019-01-25  |l 0  |r 2026-02-21 22:21:06  |w 2026-02-21 
952 |t č. 1-4  |a SNK  |b SNK  |y PREZ  |7 0  |p 17A1342461  |o snkČSD 2366/2016 D1  |i snk2019/2138  |8 0  |0 0  |1 0  |4 0  |d 2019-01-25  |l 0  |r 2026-02-21 22:21:06  |w 2026-02-21 
952 |t č. 1-4  |a SNK  |b SNK  |y PREZ  |7 0  |p 17A1342460  |o snkČSD 2366/2017  |i snk2019/2146  |8 0  |f 1  |0 0  |1 0  |4 0  |d 2019-01-25  |l 0  |r 2026-02-21 22:21:06  |w 2026-02-21 
952 |t č. 1-4  |a SNK  |b SNK  |y PREZ  |7 0  |p 17A1342459  |o snkČSD 2366/2017 D1  |i snk2019/2150  |8 0  |0 0  |1 0  |4 0  |d 2019-01-25  |l 0  |r 2026-02-21 22:21:06  |w 2026-02-21 
952 |t č. 1-3  |a SNK  |b SNK  |y PREZ  |7 0  |p 17A1387022  |o snkČSD 2366/2019  |i snk2020/4628  |8 0  |f 1  |0 0  |1 0  |4 0  |d 2020-02-25  |l 0  |r 2026-02-21 22:29:53  |w 2026-02-21